000 01654nam a22003017a 4500
003 OSt
005 20221014124850.0
008 220211s2017 ck a|||br|||| 00| 1 spa d
020 _a9789585419568
040 _aCO-JMCR
_cCO-JMCR
041 1 _aspa
_heng
082 _aC /
_bKIPp
_223
100 1 _akipling, Rudyard,
_eautor
_941942
245 1 0 _aPor qué el elefante tiene la trompa así /
_cRudyart Kipling ; ilustrado por Daniel Gómez ; traductor Juan Fernando Merino ; editor Iván Hernández
246 1 3 _aPor qué tiene manchas el leopardo
250 _aPrimera edición
260 _aBogotá :
_bMinisterio de Educación,
_c2017.
300 _a31 páginas :
_bilustraciones a color ;
_c27 cm.
490 0 _aLeer es mi cuento ;
_v23
520 3 _aEste autor, uno de los más importantes y queridos de Inglaterra, vivió por años en India y escribió sobre ese país muchísimos libros que hicieron que lectores de todo el mundo se interesaran por sus gentes, su religión y su cultura. Estos dos cuentos de Kipling que hoy presentamos a los niños colombianos, han sido leídos por lectores del mundo entero. Seguramente los niños colombianos también gozarán y se divertirán viendo cómo y por qué las cosas son como son. ¿No será, acaso, que el elefante tiene trompa y el leopardo manchas porque les pasó lo que él cuenta que les pasó?
650 1 4 _aAnimales
650 2 4 _aCuentos infantiles ingleses
650 2 4 _aAnimales en la selva
_941943
700 1 _aGómez, Daniel,
_eilustrador
_941922
700 1 _aMerino, Juan Fernando,
_etraductor
_941911
700 1 _aHernández, Iván,
_eeditor
_98307
942 _2ddc
_cBK
999 _c15832
_d15832